000 00520nam a2200169 i 4500
001 61843
003 ES-MaACL
005 20230906164544.0
007 t|
008 031114s1960 sp ||||1| spa d
100 1 _aFairbanks, Raph W.
_948651
245 1 3 _aLa automación de oficinas /
_cpor Raph W. Fairbanks ; [traducción por Manuel Scholz].
260 _aBarcelona :
_bOmega,
_c[1960] (
_fCondal)
300 _a332 p. :
_bil. ;
_c22 cm.
700 1 _aScholz, Manuel.
_9104641
852 _aES-MaACL
_jC-19211
_bR.47061
999 _c61843
_d61843